000 00625nam a2200229Ia 4500
003 OSt
005 20221007063550.0
006 a|||||r|||| 00| 0
007 ta
008 221006b |||||||| |||| 00| 0 eng d
024 _a28,758
037 _cTextual
040 _aFLL
_cFLL
_beng
041 _2eng
_aeng
082 _aZQ2:1225, J7
100 _aChaudhari D.H.
_9684495
245 0 _aHindu adoptions & maintenance act
260 _aCalcutta
_bEastern Law House (Pvt.) Ltd. India
_c1957
300 _aix,296p
_ccm.
942 _hZQ2:1225, J7
_cTEXL
_2CC
999 _c1131555
_d1131555